000
00310nam a22001337a 4500
008
171024b xxu||||| |||| 00| 0 eng d
020
_a
9780534399160
041
_a
eng
080
_2
9TH
_a
311
100
_a
55
101
_a
STA
245
_a
STATISTICAL TUTOR ELEMENTARY STATISTICS
_c
KUBY,P
942
_2
udc
_c
BK
999
_c
35666
_d
35666